000 00417nam a2200181Ia 4500
001 4667
005 20260306145812.0
008 260306t2013||||xx |||||||||||||| ||spa||
041 _aESP
082 _a330
_bK84
100 _aKrugman, Paul
_eAUT
245 0 _aFundamentos de economía
260 _c2013
300 _axxiii, 561 páginas :
_c28 cm.
650 _aGEN
654 _aCAN
942 _cLIB
_dJUS
_fJUS
_2ddc
_n
999 _c4667
_d4667